Reservoir-induced earthquakes / (Record no. 547890)
[ view plain ]
| 000 -LEADER | |
|---|---|
| fixed length control field | 00577cam a2200145 a 4500 |
| 020 ## - INTERNATIONAL STANDARD BOOK NUMBER | |
| International Standard Book Number | 044488906X (acidfree paper) |
| 082 00 - DEWEY DECIMAL CLASSIFICATION NUMBER | |
| Classification number | 627.8 |
| Author Mark | GUP |
| -- | L-37, P-124 |
| 100 1# - MAIN ENTRY--PERSONAL NAME | |
| Personal name | Gupta, Harsh K., |
| 9 (RLIN) | 44044 |
| 245 10 - TITLE STATEMENT | |
| Title | Reservoir-induced earthquakes / |
| Statement of responsibility, etc. | Harsh K. Gupta. |
| 260 ## - PUBLICATION, DISTRIBUTION, ETC. | |
| Place of publication, distribution, etc. | Amsterdam ; |
| -- | New York : |
| Name of publisher, distributor, etc. | Elsevier ; |
| Place of publication, distribution, etc. | New York, NY, U.S.A. : |
| Name of publisher, distributor, etc. | Distributors for the U.S. and Canada, Elsevier Science Pub. Co., |
| Date of publication, distribution, etc. | 1992. |
| 300 ## - PHYSICAL DESCRIPTION | |
| Extent | xviii, 364 p. : |
| Other physical details | ill., maps ; |
| Dimensions | 25 cm. |
| 526 ## - STUDY PROGRAM INFORMATION NOTE | |
| Program name | 0 |
| Interest level | 0 |
| Reading level | 0 |
| Title point value | 627_800000000000000_GUP |
| 650 #0 - SUBJECT ADDED ENTRY--TOPICAL TERM | |
| Topical term or geographic name entry element | Reservoir-triggered seismicity. |
| 9 (RLIN) | 44045 |
| 942 ## - ADDED ENTRY ELEMENTS (KOHA) | |
| Source of classification or shelving scheme | |
| Koha item type | Book |
| Withdrawn status | Lost status | Source of classification or shelving scheme | Damaged status | Not for loan | Permanent Location | Current Location | Date acquired | Total Checkouts | Full call number | Barcode | Date last seen | Price effective from | Koha item type |
|---|---|---|---|---|---|---|---|---|---|---|---|---|---|
| Military College of Engineering (MCE) | Military College of Engineering (MCE) | 08/11/2014 | 627.8 GUP | MCE-28840 | 08/11/2014 | 08/11/2014 | Book |
